000 00514nam a2200193Ia 4500
001 17336
003 GE_BSU
008 181216s||||||||xx |||||||||||||| ||und||
040 _cGE_BSU
080 _a811.112
100 _aBimmel,Peter
245 _aDeutschunterricht planen arbeit mit lehrmerkslektionen
300 _a176p.
541 _h6ლ.40თ.
653 _aDeutschunterricht planen
653 _adeutschunterricht planen arbeit mit lehrwerkslektionen
653 _aქსეროქსი
942 _cBK
999 _c50393
_d50393